Union Europea y derechos fundamentales en perspectiva constitucional

Detalles Bibliográficos
Formato: Desconocido
Lenguaje:español
Publicado: Madrid : Dykinson, 2003
Materias:
Acceso en línea:Acceso restringido

MARC

LEADER 00000ny a22000003n 4500
005 2011062706196.0
006 m u
007 cr cn|||||||||
008 200508r2003 sp |||||s|||||||||||spa d
020 |a 9788497722353 
035 |a 634 
040 |a FlNmELB  |c FlNmELB  |d vLex 
050 1 4 |a KJC5132  |b U581 2003eb 
080 |a 342.7 
090 |c 1132  |d 1132 
245 0 0 |a Union Europea y derechos fundamentales en perspectiva constitucional  |h [Recurso electrn̤ico]  |c coordinado por Natividad Fernandez Sola 
256 |a Servicio en ln̕ea 
260 |a Madrid :  |b Dykinson,  |c 2003 
300 |a [7]-353 p 
506 1 |a Contenido solo disponible en los productos indicados  |d vLex Global  |d vLex Global (Academic Edition, excluding Law Schools)  |d vLex Global (U.S. Academic Edition, Law Schools)  |d vLex Global (U.S. Academic Edition, excluding Law Schools)  |d vLex Global (Academic Edition, Law Schools) 
650 0 7 |a Comunitario  |2 Tesauro vLex 
740 0 |a vLex Libros (Servicios en ln̕ea) 
856 4 0 |u http://vlex.com/source/634  |z Acceso restringido 
942 |c BOOK